LDR 00631naa#a2200169#i#450# 001 EN\INFRA-M\bibl\110221 005 20260413215551.1 011 ## _a1998-0701 100 ## _a20260131b2026####ek#y0engy0150####ca 102 ## _aRU 200 1# _aProblems of Intellectual Property Valuation in Russia _eJournal article 210 1# _aMoscow _cINFRA-M Academic Publishing LLC. _d2026 215 ## _a5 с. 608 ## _aJournal article _2local 675 ## _aИнвестиции. Образование капитала. 330.322 _aПроверка отчетности. Аудит. Ревизия. 657.6 _z 700 #1 _aPolysaev _gIl'ya Nikolaevich 856 4# _anaukaru.ru _u